[Event "TUR Cup"]
[Site "Adapazari"]
[Date "2022.04.01"]
[Round "11"]
[White "Kalender, Yigit"]
[Black "Isik, Ege"]
[Result "1-0"]
[WhiteElo "1361"]
[BlackElo "1214"]
[PlyCount "83"]
[EventDate "2022.03.25"]
[EventType "swiss"]
[EventRounds "11"]
[EventCountry "TUR"]
[SourceTitle "EXT 2023"]
[Source "ChessBase"]
[SourceDate "2022.10.05"]
[SourceVersion "1"]
[SourceVersionDate "2022.10.05"]
[SourceQuality "1"]

1. d4 g6 2. c4 Bg7 3. Nc3 c5 4. dxc5 Bxc3+ 5. bxc3 Qa5 6. Nf3 Qxc3+ 7. Bd2 Qxc4 8. g3 Nc6 9. Bg2 Qxc5 10. 0-0 Nf6 11. Bh6 Rg8 12. e4 Nxe4 13. Rc1 Qb6 14. Qd3 Nc5 15. Qc4 d6 16. Ng5 Be6 17. Nxe6 Nxe6 18. Be3 Qc7 19. Qa4 Kd7 20. Rfd1 a6 21. Rxc6 bxc6 22. Rc1 Nd8 23. Qh4 h5 24. Bg5 Ke8 25. Re1 e6 26. Bf6 d5 27. Qg5 Nb7 28. Qh6 Nd6 29. Qh7 Kd7 30. Be5 Ke7 31. Qh6 Qa5 32. Qg5+ Kd7 33. Rc1 Qxa2 34. Qf4 Nf5 35. Qb4 Ke8 36. Qb7 Rd8 37. Rxc6 Rd7 38. Rc8+ Ke7 39. Qb4+ Nd6 40. Rxg8 Qc4 41. Qb8 Rc7 42. Qd8# 1-0

[Event "TUR Cup"]
[Site "Adapazari"]
[Date "2022.03.30"]
[Round "8"]
[White "Cakli, Umut"]
[Black "Kalender, Yigit"]
[Result "0-1"]
[WhiteElo "1084"]
[BlackElo "1361"]
[PlyCount "65"]
[EventDate "2022.03.25"]
[EventType "swiss"]
[EventRounds "11"]
[EventCountry "TUR"]
[SourceTitle "EXT 2023"]
[Source "ChessBase"]
[SourceDate "2022.10.05"]
[SourceVersion "1"]
[SourceVersionDate "2022.10.05"]
[SourceQuality "1"]

1. d4 Nf6 2. c4 e6 3. Nf3 a6 4. a3 d5 5. e3 dxc4 6. Bxc4 b5 7. Ba2 Bb7 8. 0-0 Nbd7 9. Nbd2 c5 10. b3 Rc8 11. Bb2 Be7 12. dxc5 Rxc5 13. b4 Rh5 14. Qc2 0-0 15. Rac1 Bd6 16. h3 Qa8 17. Qd3 Bb8 18. Bb1 Rd5 19. Qc2 Rxd2 20. Nxd2 Bxg2 21. Bxf6 Nxf6 22. f3 Bxh3 23. Rf2 Qd5 24. f4 Ba7 25. Re1 Qh5 26. Ne4 Ng4 27. Qd1 Qh4 28. Rf3 Nh6 29. Nf2 Bg4 30. Nxg4 Nxg4 31. Re2 Rd8 32. Qe1 Qxe1+ 33. Rxe1 0-1

[Event "TUR Cup"]
[Site "Adapazari"]
[Date "2022.03.28"]
[Round "5"]
[White "Kalender, Yigit"]
[Black "Hatirli, Ugur Can"]
[Result "0-1"]
[WhiteElo "1361"]
[BlackElo "1846"]
[PlyCount "34"]
[EventDate "2022.03.25"]
[EventType "swiss"]
[EventRounds "11"]
[EventCountry "TUR"]
[SourceTitle "EXT 2023"]
[Source "ChessBase"]
[SourceDate "2022.10.05"]
[SourceVersion "1"]
[SourceVersionDate "2022.10.05"]
[SourceQuality "1"]

1. d4 Nf6 2. c4 e6 3. Nf3 d5 4. Nc3 c6 5. e3 Nbd7 6. Qc2 Bd6 7. g4 Bb4 8. Bd2 g6 9. Rg1 a6 10. 0-0-0 b5 11. c5 Qc7 12. Bd3 e5 13. Nxe5 Nxe5 14. dxe5 Nxg4 15. Be2 Bxc5 16. Kb1 Bf5 17. e4 Bxe4 0-1

[Event "TUR Cup"]
[Site "Adapazari"]
[Date "2022.03.26"]
[Round "3"]
[White "Kalender, Yigit"]
[Black "Alagoz, Ramazan"]
[Result "1-0"]
[WhiteElo "1361"]
[BlackElo "1129"]
[PlyCount "30"]
[EventDate "2022.03.25"]
[EventType "swiss"]
[EventRounds "11"]
[EventCountry "TUR"]
[SourceTitle "EXT 2023"]
[Source "ChessBase"]
[SourceDate "2022.10.05"]
[SourceVersion "1"]
[SourceVersionDate "2022.10.05"]
[SourceQuality "1"]

1. d4 d5 2. c4 e6 3. Nc3 Nf6 4. Nf3 c5 5. cxd5 exd5 6. g3 cxd4 7. Nxd4 Be7 8. Bg2 0-0 9. 0-0 Be6 10. Bf4 Nbd7 11. Nxe6 fxe6 12. Bh3 Qb6 13. Qb3 Qxb3 14. Bxe6+ Kh8 15. axb3 Nc5 1-0